Ιταλία : Βόρεια - Κεντρική
Αποθηκεύτηκε σε:
| Μορφή: | Βιβλίο |
|---|---|
| Γλώσσα: | Greek |
| Δημοσίευση: |
Αθήνα :
Γιαλλελής,
1992
|
| Σειρά: | Οι μπλέ οδηγοί
Guides bleus |
| Θέματα: | |
| Ετικέτες: |
Προσθήκη ετικέτας
Δεν υπάρχουν, Καταχωρήστε ετικέτα πρώτοι!
|
MARC
| LEADER | 00000nam a2200000 i 4500 | ||
|---|---|---|---|
| 001 | 1/38146 | ||
| 008 | 970602s1992 gre d | ||
| 035 | |a 1993 |l 10040698 | ||
| 040 | |a GR-MY-UA |b gre |e aacr | ||
| 041 | 0 | |a gre | |
| 082 | 0 | |a 914.5 | |
| 245 | 1 | 0 | |a Ιταλία : |b Βόρεια - Κεντρική |
| 260 | |a Αθήνα : |b Γιαλλελής, |c 1992 | ||
| 300 | |a 1522 σ.; |c 17 cm.+ |e 1 χάρτη | ||
| 490 | 1 | |a Οι μπλέ οδηγοί | |
| 490 | 1 | |a Les guides bleus | |
| 651 | 0 | |a Italy |x Guidebooks. | |
| 651 | 0 | |a Italy |x Description and travel |x Guidebooks. | |
| 651 | 0 | |a Italy |x Maps. | |
| 830 | 0 | |a Οι μπλέ οδηγοί | |
| 830 | 0 | |a Guides bleus | |
| 852 | |a INST |b SAMOS |e 19970602 |h 914.5 ΙΤΑ |p 005300009084 |q 005300009084 |t REF |y 23 | ||
| 909 | |a Σ |b 030373 | ||